MARC

LEADER 00000nam0a2200000 4500
001 365992
005 20231102011834.0
035 |a (RuTPU)RU\TPU\retro\23355 
090 |a 365992 
100 |a 20220126d1979 km y0rusy50 ca 
101 0 |a rus 
102 |a RU 
105 |a a z 001zy 
200 1 |a Фации метаморфизма метапелитов  |f С. П. Кориковский  |g Академия наук СССР, Институт геологии рудных месторождений, петрографии, минералогии и геохимии 
210 |a Москва  |c Наука  |d 1979 
215 |a 264 с.  |c ил. 
320 |a Библиогр.: с. 248-260 
606 1 |a Горные породы, кристаллические  |x Парагенезис  |2 stltpush  |3 (RuTPU)RU\TPU\subj\8124  |9 35609 
610 1 |a метапелиты 
610 1 |a метаморфизм 
610 1 |a фации 
610 1 |a петрогенез 
610 1 |a зеленосланцевая фация 
610 1 |a ставролит 
610 1 |a тальк-кианитовая фация 
610 1 |a биотито-гранатовые гнейсы 
610 1 |a высокотемпературное равновесие 
675 |a 552.43  |v 4 
700 1 |a Кориковский  |b С. П.  |g Сергей Петрович 
712 0 2 |a Академия наук СССР  |b Институт геологии рудных месторождений, петрографии, минералогии и геохимии  |c (Москва)  |2 stltpush  |3 (RuTPU)RU\TPU\col\11398  |9 25090 
801 1 |a RU  |b 63413507  |c 20220126 
942 |c BK